01310nam a22002895i 450000100060000000300090000600500170001500700030003200800410003502000180007604000220009408000210011624502410013725000120037826001100039030000210050049000480052160000690056970000410063870000290067970000340070871000500074283000560079285200330084899900170088195201220089810997ES-MaACL20240125164724.0t|940706s1994 sp ||||0| spa j a84-7658-419-9 aM-BN bspa cM-BN a1 Kant, Immanuel00aKant: de la Crítica a la filosofía de la religión b: en el bicentenario de La Religión en los límites de la mera razón / cDulce María Granja Castro (coord.) ; prólogo de Fernando Salmerón ; H.E. Allison ... [et al.]. a1ª ed. aBarcelona : bAnthropos ; aMéxico : bUniversidad Autónoma Metropolitana, Unidad Iztapalapa, c1994. a217 p ; c20 cm.1 aAutores, textos y temas. Filosofía ; v4514aKant, Immanuel,d1724-1804-xCrítica e interpretación9674971 aGranja Castro, Dulce María.9596441 aAllison, Henry E.9200441 aSalmerón, Fernando.91019882 aUniversidad Autónoma Metropolitana.91699070 aAutores, textos y temas. Filosofía ; v459177263 aES-MaACLjL-18351 bR.122534 c10997d10997 00104070aATENEOMbATENEOMcDEPO2d2008-01-17eSCl0oL-18351p1011215r2023-02-23 00:00:00w2023-02-23yMONOGRAFIA